LEADER 01189cam0-2200361---450- 001 990005831700403321 005 20120803122227.0 010 $a2-84050-078-7 035 $a000583170 035 $aFED01000583170 035 $a(Aleph)000583170FED01 035 $a000583170 100 $a19990604d1997----km-y0itay50------ba 101 0 $afre 102 $aFR 105 $a--------001cy 200 1 $a<>armes de Minerve$el'humanisme militaire dans l'Italie du XVIe siècle$fFrédérique Verrier$gpréface de Christian Bec 210 $aParis$cPresses de l'Université de Paris-Sorbonne$d1997 215 $a300 p.$d22 cm 225 1 $aJalons$ecollection d'études italiennes$iNouvelle sèrie 610 0 $aGuerra nella letteratura italiana$aSec. 16. 610 0 $aUmanesimo$aItalia$aSec. 16. 676 $a850.9358 700 1$aVerrier,$bFrédérique$0402652 702 1$aBec,$bChristian$f<1934-2007> 801 0$aIT$bUNINA$gRICA$2UNIMARC 901 $aBK 912 $a990005831700403321 952 $aP2B-310-VERRIER F.-1997$bBibl.30923$fFLFBC 952 $a850.9358 VER 1$bDip.f.m.9676$fFLFBC 959 $aFLFBC 996 $aArmes de Minerve$9209515 997 $aUNINA LEADER 01797nas 2200373 n 450 001 990008906740403321 005 20240229084428.0 011 $a0365-0901 035 $a000890674 035 $aFED01000890674 035 $a(Aleph)000890674FED01 035 $a000890674 091 $2CNR$aP 00071321 100 $a20161109b19201943km-y0itaa50------ba 101 0 $ager 102 $aDE 110 $aauu-------- 200 1 $aArbeiten aus der Biologischen Reichsanstalt für Land- und Forstwirtschaft 207 1$a1920-1943 210 $aBerlin$cSociedade de Biologia do Rio de Janeiro 430 0$1001000890675$12001$aArbeiten der Kaiserlichen Biologischen Anstalt fur Land- und Forstwirtschaft 530 0 $aArbeiten aus der Biologischen Reichsanstalt für Land- und Forstwirtschaft 675 $a632 712 02$aBiologische Reichsanstalt für Land- und Forstwirtschaft 801 0$aIT$bACNP$c20090723 859 4 $uhttp://acnp.cib.unibo.it/cgi-ser/start/it/cnr/dc-p1.tcl?catno=45791&person=false&language=ITALIANO&libr=&libr_th=unina1$zBiblioteche che possiedono il periodico 901 $aSE 912 $a990008906740403321 958 $aBiblioteca Centralizzata. Facoltà di Agraria dell'Università Federico II di Napoli$b1920-1942;$fFAGBC 959 $aFAGBC 996 $aArbeiten aus der Biologischen Reichsanstalt für Land- und Forstwirtschaft$9800402 997 $aUNINA AP1 8 $6866-01$aNA087 Biblioteca Centralizzata. Facoltà di Agraria dell'Università Federico II di Napoli$ev. Università, 100 Palazzo Reale, 80055 Portici (NA)$m081-2539322$m081-7760229$nit AP2 40$aacnp.cib.unibo.it$nACNP Italian Union Catalogue of Serials$uhttp://acnp.cib.unibo.it/cgi-ser/start/it/cnr/df-p.tcl?catno=45791&language=ITALIANO&libr=&person=&B=1&libr_th=unina&proposto=NO